Statistiques concernant Les bars du petit Bayonne

Cliquez ici pour prendre le quiz!

Statistiques générales

  • Ce quiz a été pris 87 fois
  • Le résultat moyen est 7 sur 30

Statistiques - réponses

HintRéponse% Correct
30Xupito
76%
7Estafete
58%
24P'tit pub
58%
22Moka
42%
13Jean bar
39%
1Bab cafe
34%
10Hegoa
31%
16La patate
31%
23Pétrolette
29%
18Le patio
27%
20Massai cafe
24%
5Corsaire
23%
19L'embuscade
21%
4Café des pyrénées
19%
8Gernika
19%
17La treille
19%
2Bacchus
18%
26San nicolas
18%
27Txalupa
16%
28Une bouteille a la nive
16%
3Bar du trinquet
13%
12izarena
10%
29Xapatan
10%
25Sankara
8%
14Jo's bar
6%
6Dos latinos
5%
15Kukubat
5%
9Ginja's bar
3%
11Hirusta
3%
21MC Kenzy
3%

Distribution des résultats

Percentile par nombre de réponses

% des personnes avec chaque résultat

Votre développement - résultats

Vous n’avez pas pris ce quiz